Statistiche per Bandiere rivelatrici #1

Clicka qui per fare il quiz!

Statistiche generali

  • Questo quiz è stato fatto 35 volte
  • Il punteggio medio è 17 su 21

Risposte nella Mappa

Le risposte nella mappa del quiz sottostante sono codificate secondo una scala di colori dal rosso al verde in base alla % di persone che hanno risposto correttamente.
 

Statistiche sulle risposte

paese% Corretto
Giappone
100%
Portogallo
93%
Italia
89%
Panama
89%
Ucraina
89%
Uganda
89%
Algeria
85%
Bhutan
81%
Cechia
81%
Grecia
81%
Uruguay
81%
Vietnam
81%
Perù
78%
Antigua e Barbuda
74%
Botswana
74%
Costa d'Avorio
74%
Repubblica Centrafricana
74%
Singapore
74%
Yemen
70%
Zambia
70%
Palau
63%

Distribuzione punteggi

Percentile per numero di risposta

Percentuale di utenti per punteggio

I tuoi punteggi nel tempo

Non hai fatto questo quiz